Statistics for UN Member States in Braille

Click here to take the quiz!

General Stats

  • This quiz has been taken 14 times
  • The average score is 15 of 20

Answer Stats

BrailleCountry% Correct
⠠⠁⠇⠃⠁⠝⠊⠁Albania
100%
⠠⠁⠝⠛⠕⠇⠁Angola
100%
⠠⠁⠗⠍⠑⠝⠊⠁Armenia
100%
⠠⠁⠵⠑⠗⠃⠁⠊⠚⠁⠝Azerbaijan
100%
⠠⠃⠁⠓⠁⠍⠁⠎Bahamas
100%
⠠⠃⠁⠓⠗⠁⠊⠝Bahrain
100%
⠠⠃⠑⠇⠁⠗⠥⠎Belarus
100%
⠠⠃⠑⠇⠛⠊⠥⠍Belgium
100%
⠠⠃⠑⠝⠊⠝Benin
100%
⠠⠃⠓⠥⠞⠁⠝Bhutan
100%
⠠⠃⠥⠗⠥⠝⠙⠊Burundi
100%
⠠⠉⠓⠊⠇⠑Chile
100%
⠠⠉⠓⠊⠝⠁China
100%
⠠⠉⠗⠕⠁⠞⠊⠁Croatia
100%
⠠⠙⠑⠝⠍⠁⠗⠅Denmark
100%
⠠⠙⠕⠍⠊⠝⠊⠉⠁⠝ ⠠⠗⠑⠏⠥⠃⠇⠊⠉Dominican Republic
100%
⠠⠑⠟⠥⠁⠞⠕⠗⠊⠁⠇ ⠠⠛⠥⠊⠝⠑⠁Equatorial Guinea
100%
⠠⠑⠗⠊⠞⠗⠑⠁Eritrea
100%
⠠⠑⠎⠺⠁⠞⠊⠝⠊Eswatini
100%
⠠⠛⠁⠃⠕⠝Gabon
100%
⠠⠛⠓⠁⠝⠁Ghana
100%
⠠⠛⠥⠊⠝⠑⠁⠤⠠⠃⠊⠎⠎⠁⠥Guinea-Bissau
100%
⠠⠛⠥⠽⠁⠝⠁Guyana
100%
⠠⠓⠥⠝⠛⠁⠗⠽Hungary
100%
⠠⠊⠝⠙⠊⠁India
100%
⠠⠊⠝⠙⠕⠝⠑⠎⠊⠁Indonesia
100%
⠠⠊⠗⠁⠟Iraq
100%
⠠⠊⠎⠗⠁⠑⠇Israel
100%
⠠⠊⠧⠕⠗⠽ ⠠⠉⠕⠁⠎⠞Ivory Coast
100%
⠠⠅⠊⠗⠊⠃⠁⠞⠊Kiribati
100%
⠠⠇⠊⠞⠓⠥⠁⠝⠊⠁Lithuania
100%
⠠⠇⠥⠭⠑⠍⠃⠕⠥⠗⠛Luxembourg
100%
⠠⠍⠁⠙⠁⠛⠁⠎⠉⠁⠗Madagascar
100%
⠠⠍⠁⠇⠁⠽⠎⠊⠁Malaysia
100%
⠠⠍⠁⠇⠊Mali
100%
⠠⠍⠁⠇⠞⠁Malta
100%
⠠⠍⠕⠝⠁⠉⠕Monaco
100%
⠠⠍⠽⠁⠝⠍⠁⠗Myanmar
100%
⠠⠝⠁⠍⠊⠃⠊⠁Namibia
100%
⠠⠝⠑⠏⠁⠇Nepal
100%
⠠⠝⠑⠺ ⠠⠵⠑⠁⠇⠁⠝⠙New Zealand
100%
⠠⠏⠕⠇⠁⠝⠙Poland
100%
⠠⠎⠁⠊⠝⠞ ⠠⠇⠥⠉⠊⠁Saint Lucia
100%
⠠⠎⠁⠍⠕⠁Samoa
100%
⠠⠎⠊⠑⠗⠗⠁ ⠠⠇⠑⠕⠝⠑Sierra Leone
100%
⠠⠎⠇⠕⠧⠁⠅⠊⠁Slovakia
100%
⠠⠎⠕⠇⠕⠍⠕⠝ ⠠⠊⠎⠇⠁⠝⠙⠎Solomon Islands
100%
⠠⠎⠕⠥⠞⠓ ⠠⠎⠥⠙⠁⠝South Sudan
100%
⠠⠎⠏⠁⠊⠝Spain
100%
⠠⠎⠺⠑⠙⠑⠝Sweden
100%
⠠⠎⠽⠗⠊⠁Syria
100%
⠠⠞⠁⠚⠊⠅⠊⠎⠞⠁⠝Tajikistan
100%
⠠⠞⠕⠛⠕Togo
100%
⠠⠞⠕⠝⠛⠁Tonga
100%
⠠⠞⠥⠗⠅⠑⠽Turkey
100%
⠠⠥⠛⠁⠝⠙⠁Uganda
100%
⠠⠥⠅⠗⠁⠊⠝⠑Ukraine
100%
⠠⠥⠝⠊⠞⠑⠙ ⠠⠎⠞⠁⠞⠑⠎United States
100%
⠠⠥⠵⠃⠑⠅⠊⠎⠞⠁⠝Uzbekistan
100%
⠠⠧⠑⠝⠑⠵⠥⠑⠇⠁Venezuela
100%
⠠⠧⠊⠑⠞⠝⠁⠍Vietnam
100%
⠠⠵⠁⠍⠃⠊⠁Zambia
100%
⠠⠵⠊⠍⠃⠁⠃⠺⠑Zimbabwe
100%
⠠⠗⠑⠏⠥⠃⠇⠊⠉ ⠕⠋ ⠞⠓⠑ ⠠⠉⠕⠝⠛⠕Republic of the Congo
67%
⠠⠃⠥⠇⠛⠁⠗⠊⠁Bulgaria
50%
⠠⠛⠥⠁⠞⠑⠍⠁⠇⠁Guatemala
50%
⠠⠇⠑⠎⠕⠞⠓⠕Lesotho
50%
⠠⠍⠕⠵⠁⠍⠃⠊⠟⠥⠑Mozambique
50%
⠠⠁⠋⠛⠓⠁⠝⠊⠎⠞⠁⠝Afghanistan
0%
⠠⠁⠇⠛⠑⠗⠊⠁Algeria
0%
⠠⠁⠝⠙⠕⠗⠗⠁Andorra
0%
⠠⠁⠝⠞⠊⠛⠥⠁ ⠁⠝⠙ ⠠⠃⠁⠗⠃⠥⠙⠁Antigua and Barbuda
0%
⠠⠁⠗⠛⠑⠝⠞⠊⠝⠁Argentina
0%
⠠⠁⠥⠎⠞⠗⠁⠇⠊⠁Australia
0%
⠠⠁⠥⠎⠞⠗⠊⠁Austria
0%
⠠⠃⠁⠝⠛⠇⠁⠙⠑⠎⠓Bangladesh
0%
⠠⠃⠁⠗⠃⠁⠙⠕⠎Barbados
0%
⠠⠃⠑⠇⠊⠵⠑Belize
0%
⠠⠃⠕⠇⠊⠧⠊⠁Bolivia
0%
⠠⠃⠕⠎⠝⠊⠁ ⠁⠝⠙ ⠠⠓⠑⠗⠵⠑⠛⠕⠧⠊⠝⠁Bosnia and Herzegovina
0%
⠠⠃⠕⠞⠎⠺⠁⠝⠁Botswana
0%
⠠⠃⠗⠁⠵⠊⠇Brazil
0%
⠠⠃⠗⠥⠝⠑⠊Brunei
0%
⠠⠃⠥⠗⠅⠊⠝⠁ ⠠⠋⠁⠎⠕Burkina Faso
0%
⠠⠉⠁⠍⠃⠕⠙⠊⠁Cambodia
0%
⠠⠉⠁⠍⠑⠗⠕⠕⠝Cameroon
0%
⠠⠉⠁⠝⠁⠙⠁Canada
0%
⠠⠉⠁⠏⠑ ⠠⠧⠑⠗⠙⠑Cape Verde
0%
⠠⠉⠑⠝⠞⠗⠁⠇ ⠠⠁⠋⠗⠊⠉⠁⠝ ⠠⠗⠑⠏⠥⠃⠇⠊⠉Central African Republic
0%
⠠⠉⠓⠁⠙Chad
0%
⠠⠉⠕⠇⠕⠍⠃⠊⠁Colombia
0%
⠠⠉⠕⠍⠕⠗⠕⠎Comoros
0%
⠠⠉⠕⠎⠞⠁ ⠠⠗⠊⠉⠁Costa Rica
0%
⠠⠉⠥⠃⠁Cuba
0%
⠠⠉⠽⠏⠗⠥⠎Cyprus
0%
⠠⠉⠵⠑⠉⠓ ⠠⠗⠑⠏⠥⠃⠇⠊⠉Czech Republic
0%
⠠⠙⠑⠍⠕⠉⠗⠁⠞⠊⠉ ⠠⠗⠑⠏⠥⠃⠇⠊⠉ ⠕⠋ ⠞⠓⠑ ⠠⠉⠕⠝⠛⠕Democratic Republic of the Congo
0%
⠠⠙⠚⠊⠃⠕⠥⠞⠊Djibouti
0%
⠠⠙⠕⠍⠊⠝⠊⠉⠁Dominica
0%
⠠⠑⠁⠎⠞ ⠠⠞⠊⠍⠕⠗East Timor
0%
⠠⠑⠉⠥⠁⠙⠕⠗Ecuador
0%
⠠⠑⠛⠽⠏⠞Egypt
0%
⠠⠑⠇ ⠠⠎⠁⠇⠧⠁⠙⠕⠗El Salvador
0%
⠠⠑⠎⠞⠕⠝⠊⠁Estonia
0%
⠠⠑⠞⠓⠊⠕⠏⠊⠁Ethiopia
0%
⠠⠋⠑⠙⠑⠗⠁⠞⠑⠙ ⠠⠎⠞⠁⠞⠑⠎ ⠕⠋ ⠠⠍⠊⠉⠗⠕⠝⠑⠎⠊⠁Federated States of Micronesia
0%
⠠⠋⠊⠚⠊Fiji
0%
⠠⠋⠊⠝⠇⠁⠝⠙Finland
0%
⠠⠋⠗⠁⠝⠉⠑France
0%
⠠⠛⠁⠍⠃⠊⠁Gambia
0%
⠠⠛⠑⠕⠗⠛⠊⠁Georgia
0%
⠠⠛⠑⠗⠍⠁⠝⠽Germany
0%
⠠⠛⠗⠑⠑⠉⠑Greece
0%
⠠⠛⠗⠑⠝⠁⠙⠁Grenada
0%
⠠⠛⠥⠊⠝⠑⠁Guinea
0%
⠠⠓⠁⠊⠞⠊Haiti
0%
⠠⠓⠕⠝⠙⠥⠗⠁⠎Honduras
0%
⠠⠊⠉⠑⠇⠁⠝⠙Iceland
0%
⠠⠊⠗⠁⠝Iran
0%
⠠⠊⠗⠑⠇⠁⠝⠙Ireland
0%
⠠⠊⠞⠁⠇⠽Italy
0%
⠠⠚⠁⠍⠁⠊⠉⠁Jamaica
0%
⠠⠚⠁⠏⠁⠝Japan
0%
⠠⠚⠕⠗⠙⠁⠝Jordan
0%
⠠⠅⠁⠵⠁⠅⠓⠎⠞⠁⠝Kazakhstan
0%
⠠⠅⠑⠝⠽⠁Kenya
0%
⠠⠅⠥⠺⠁⠊⠞Kuwait
0%
⠠⠅⠽⠗⠛⠽⠵⠎⠞⠁⠝Kyrgyzstan
0%
⠠⠇⠁⠕⠎Laos
0%
⠠⠇⠁⠞⠧⠊⠁Latvia
0%
⠠⠇⠑⠃⠁⠝⠕⠝Lebanon
0%
⠠⠇⠊⠃⠑⠗⠊⠁Liberia
0%
⠠⠇⠊⠃⠽⠁Libya
0%
⠠⠇⠊⠑⠉⠓⠞⠑⠝⠎⠞⠑⠊⠝Liechtenstein
0%
⠠⠍⠁⠇⠁⠺⠊Malawi
0%
⠠⠍⠁⠇⠙⠊⠧⠑⠎Maldives
0%
⠠⠍⠁⠗⠎⠓⠁⠇⠇ ⠠⠊⠎⠇⠁⠝⠙⠎Marshall Islands
0%
⠠⠍⠁⠥⠗⠊⠞⠁⠝⠊⠁Mauritania
0%
⠠⠍⠁⠥⠗⠊⠞⠊⠥⠎Mauritius
0%
⠠⠍⠑⠭⠊⠉⠕Mexico
0%
⠠⠍⠕⠇⠙⠕⠧⠁Moldova
0%
⠠⠍⠕⠝⠛⠕⠇⠊⠁Mongolia
0%
⠠⠍⠕⠝⠞⠑⠝⠑⠛⠗⠕Montenegro
0%
⠠⠍⠕⠗⠕⠉⠉⠕Morocco
0%
⠠⠝⠁⠥⠗⠥Nauru
0%
⠠⠝⠑⠞⠓⠑⠗⠇⠁⠝⠙⠎Netherlands
0%
⠠⠝⠊⠉⠁⠗⠁⠛⠥⠁Nicaragua
0%
⠠⠝⠊⠛⠑⠗Niger
0%
⠠⠝⠊⠛⠑⠗⠊⠁Nigeria
0%
⠠⠝⠕⠗⠞⠓ ⠠⠅⠕⠗⠑⠁North Korea
0%
⠠⠝⠕⠗⠞⠓ ⠠⠍⠁⠉⠑⠙⠕⠝⠊⠁North Macedonia
0%
⠠⠝⠕⠗⠺⠁⠽Norway
0%
⠠⠕⠍⠁⠝Oman
0%
⠠⠏⠁⠅⠊⠎⠞⠁⠝Pakistan
0%
⠠⠏⠁⠇⠁⠥Palau
0%
⠠⠏⠁⠝⠁⠍⠁Panama
0%
⠠⠏⠁⠏⠥⠁ ⠠⠝⠑⠺ ⠠⠛⠥⠊⠝⠑⠁Papua New Guinea
0%
⠠⠏⠁⠗⠁⠛⠥⠁⠽Paraguay
0%
⠠⠏⠑⠗⠥Peru
0%
⠠⠏⠓⠊⠇⠊⠏⠏⠊⠝⠑⠎Philippines
0%
⠠⠏⠕⠗⠞⠥⠛⠁⠇Portugal
0%
⠠⠟⠁⠞⠁⠗Qatar
0%
⠠⠗⠕⠍⠁⠝⠊⠁Romania
0%
⠠⠗⠥⠎⠎⠊⠁Russia
0%
⠠⠗⠺⠁⠝⠙⠁Rwanda
0%
⠠⠎⠁⠊⠝⠞ ⠠⠅⠊⠞⠞⠎ ⠁⠝⠙ ⠠⠝⠑⠧⠊⠎Saint Kitts and Nevis
0%
⠠⠎⠁⠊⠝⠞ ⠠⠧⠊⠝⠉⠑⠝⠞ ⠁⠝⠙ ⠞⠓⠑ ⠠⠛⠗⠑⠝⠁⠙⠊⠝⠑⠎Saint Vincent and the Grenadines
0%
⠠⠎⠁⠝ ⠠⠍⠁⠗⠊⠝⠕San Marino
0%
⠠⠎⠁⠕ ⠠⠞⠕⠍⠑ ⠁⠝⠙ ⠠⠏⠗⠊⠝⠉⠊⠏⠑São Tomé and Príncipe
0%
⠠⠎⠁⠥⠙⠊ ⠠⠁⠗⠁⠃⠊⠁Saudi Arabia
0%
⠠⠎⠑⠝⠑⠛⠁⠇Senegal
0%
⠠⠎⠑⠗⠃⠊⠁Serbia
0%
⠠⠎⠑⠽⠉⠓⠑⠇⠇⠑⠎Seychelles
0%
⠠⠎⠊⠝⠛⠁⠏⠕⠗⠑Singapore
0%
⠠⠎⠇⠕⠧⠑⠝⠊⠁Slovenia
0%
⠠⠎⠕⠍⠁⠇⠊⠁Somalia
0%
⠠⠎⠕⠥⠞⠓ ⠠⠁⠋⠗⠊⠉⠁South Africa
0%
⠠⠎⠕⠥⠞⠓ ⠠⠅⠕⠗⠑⠁South Korea
0%
⠠⠎⠗⠊ ⠠⠇⠁⠝⠅⠁Sri Lanka
0%
⠠⠎⠥⠙⠁⠝Sudan
0%
⠠⠎⠥⠗⠊⠝⠁⠍⠑Suriname
0%
⠠⠎⠺⠊⠞⠵⠑⠗⠇⠁⠝⠙Switzerland
0%
⠠⠞⠁⠝⠵⠁⠝⠊⠁Tanzania
0%
⠠⠞⠓⠁⠊⠇⠁⠝⠙Thailand
0%
⠠⠞⠗⠊⠝⠊⠙⠁⠙ ⠁⠝⠙ ⠠⠞⠕⠃⠁⠛⠕Trinidad and Tobago
0%
⠠⠞⠥⠝⠊⠎⠊⠁Tunisia
0%
⠠⠞⠥⠗⠅⠍⠑⠝⠊⠎⠞⠁⠝Turkmenistan
0%
⠠⠞⠥⠧⠁⠇⠥Tuvalu
0%
⠠⠥⠝⠊⠞⠑⠙ ⠠⠁⠗⠁⠃ ⠠⠑⠍⠊⠗⠁⠞⠑⠎United Arab Emirates
0%
⠠⠥⠝⠊⠞⠑⠙ ⠠⠅⠊⠝⠛⠙⠕⠍United Kingdom
0%
⠠⠥⠗⠥⠛⠥⠁⠽Uruguay
0%
⠠⠧⠁⠝⠥⠁⠞⠥Vanuatu
0%
⠠⠽⠑⠍⠑⠝Yemen
0%

Score Distribution

Percentile by Number Answered

Percent of People with Each Score

Your Score History

You have not taken this quiz